| 000 | 00424nam a2200169Ia 4500 | ||
|---|---|---|---|
| 008 | 230711s9999||||xx |||||||||||||| ||und|| | ||
| 041 | _aENG | ||
| 082 |
_a5 _bME-C |
||
| 100 | _aMeeta Gandhi | ||
| 245 | 4 | _aThe `C` odyssey : advanced DOS-the uncharted waters | |
| 250 | _a1st Ed. | ||
| 260 |
_c1992 _aNew Delhi _bBPB Publications |
||
| 300 | _a512 | ||
| 650 | _aComputer Engineering | ||
| 700 | _aRajiv Shah | ||
| 942 | _cBK | ||
| 999 |
_c1753 _d1753 |
||